SOLID SAP : a static analysis program for three dimensional solid structures /

Bibliographic Details
Main Author: Wilson, Edward L., 1931-
Corporate Author: California. University. Structural Engineering Laboratory
Format: Book
Language:English
Published: Berkeley : Structural Engineering Laboratory, University of California, 1972.
Edition:[Rev. ed.].
Series:Open file report (United States. Bureau of Mines) ; 15-72.
Subjects:

MARC

Tag First Indicator Second Indicator Subfields
LEADER 00000cam a2200000Ii 4500
001 in00001703721
005 20151024164924.0
008 760426s1972 caua rb 000 0 eng d
035 |a (OCoLC)ocm02141002 
040 |a LDL  |c LDL  |d TXA  |d UtOrBLW 
049 |a TXAM 
090 |a TA646  |b .W55 1972a 
100 1 |a Wilson, Edward L.,  |d 1931- 
245 1 0 |a SOLID SAP :  |b a static analysis program for three dimensional solid structures /  |c by Edward L. Wilson. 
250 |a [Rev. ed.]. 
264 1 |a Berkeley :  |b Structural Engineering Laboratory, University of California,  |c 1972. 
300 |a 1 volume (various pagings) :  |b illustrations 
336 |a text  |b txt  |2 rdacontent 
337 |a unmediated  |b n  |2 rdamedia 
338 |a volume  |b nc  |2 rdacarrier 
490 1 |a Bureau of Mines Open File Report ;  |v 15-72 
500 |a "...Revised edition of SOLID SAP, Report UC SESM 71-19 of September 1971...September 1971 edition [was] never issued." 
500 |a At head of title: Structures and Materials Research, Department of Civil Engineering. 
500 |a Photocopy. Springfield, Va. : National Technical Information Service, 1972. 
500 |a "PB 209 949" 
630 0 0 |a SOLID SAP (Computer program) 
650 0 |a Structural analysis (Engineering)  |x Computer programs. 
650 0 |a Elastic analysis (Engineering)  |x Computer programs. 
710 1 |a California.  |b University.  |b Structural Engineering Laboratory. 
830 0 |a Open file report (United States. Bureau of Mines) ;  |v 15-72. 
948 |a cataloged  |b h  |c 2002/10/28  |d c  |e jgreene  |f 1:48:40 pm 
994 |a E0  |b TXA 
999 |a MARS 
999 f f |s ca4c6280-72cc-3781-b31f-aca5005160c1  |i 0a869ee7-aed2-3907-8074-3870190456c8  |t 0 
952 f f |p ric  |a Texas A&M University  |b Rellis Campus  |c Joint Library Facility  |d Remote Storage  |t 0  |e TA646 .W55 1972a  |h Library of Congress classification  |i unmediated -- volume  |m A14829402470 
998 f f |a TA646 .W55 1972a  |t 0  |l Remote Storage